| 000 | 00492nam a2200181 a 4500 | ||
|---|---|---|---|
| 001 | 2735 | ||
| 003 | CDMR | ||
| 005 | 20130412131942.0 | ||
| 008 | 130130s2004||||||||||||||||||||||||||||d | ||
| 020 | _a8408051172 | ||
| 040 |
_aCDMR _bcat _cCDMR |
||
| 100 | 1 |
_aTango Lerga, Jesús _92056 |
|
| 245 | 1 | 0 |
_aManuel Aznar _b: periodista y diplomático _cJesús Tanco Lerga |
| 260 |
_aBarcelona _c2004 _bPlaneta |
||
| 490 | _aPlaneta singular | ||
| 650 | 0 | 4 |
_93074 _aPeriodistes _vBiografia |
| 942 |
_cMON _2udc |
||
| 999 |
_c2735 _d2735 |
||